000 01001nam a2200229 a 4500
001 BRCA_7050
005 20190320205707.0
008 011211s2011----mx-a######---#000-0#spa-#
020 _a9786079076016
041 _aspa
050 4 _bC75 2011
245 1 0 _aEl criollo en su reflejo
_bcelebración e identidad, 1521-1821
_ctextos Alfonso Alfaro... [et al.].
260 _aMéxico
_bFomento Cultural Grupo Salinas
_c2011
300 _a247 p.
_bil. a color
_c34 cm.
500 _aIncluye lista catalográfica
500 _aColecciones Ricardo B. Salinas Pliego/Fomento Cultural Grupo Salinas; The Hispanic Society of America; Museo Franz Mayer
500 _aCatálogo de la exposición realizada en el Museo Franz Mayer (Ciudad de México), 14 octubre - 12 diciembre, 2010
500 _aIncluye piezas de la colección Franz Mayer: p. 45, 83, 133, 139, 141, 150, 166, 182, 191, 199, 209 y 215
650 1 4 _aIdentidad criolla
_y1521-1821
_917524
710 2 _aAlfaro, Alfonso
_917525
942 _2lcc
_cB
999 _c6731
_d6731